To Pimp A Butterfly Tracklist By Streams - Statistics

General Stats
  • This quiz has been taken 25 times
  • The average score is 11 of 16
Answer Stats
# Streams Answer % Correct
1 928,915,484 Alright
100%
2 698,527,706 King Kunta
95%
3 232,513,079 Wesley's Theory
89%
6 117,253,360 i
74%
4 181,322,836 These Walls
74%
5 144,286,676 The Blacker The Berry
68%
13 74,444,913 For Free? (Interlude)
63%
15 66,001,786 For Sale? (Interlude)
63%
8 107,725,433 u
63%
7 109,554,923 Institutionalized
58%
14 73,803,560 Complexion (A Zulu Love)
53%
10 101,604,960 Hood Politics
53%
9 104,426,043 How Much a Dollar Cost
53%
12 80,414,414 Momma
53%
16 56,766,072 Mortal Man
53%
11 81,569,163 You Ain't Gotta Lie (Momma Said)
47%
No matching quizzes found
Score Distribution
Percent of People with Each Score
Percentile by Number Answered
Your Score History
You have not taken this quiz